La región más transparente

Salvato in:
Dettagli Bibliografici
Autore principale: Fuentes, Carlos (Autore)
Natura: Libro
Lingua:spagnolo
Pubblicazione: Barcelona Santillana 2008
Soggetti:
Tags: Aggiungi Tag
Nessun Tag, puoi essere il primo ad aggiungerne!!

MARC

LEADER 00000cam a2200000 a 4500
001 UCH3321
003 CL-VaPUC
008 090723e20080000sp |||||||||||||||||spa|d
020 |a 9788420422503 
082 0 4 |a Me863  |b FUE  |2 21 
100 0 |a Fuentes, Carlos  |e author  |9 376869 
245 1 3 |a La región más transparente 
300 |a 671 p 
942 |c BK 
945 |d 20090723 00:00:00  |a dcastane 
260 |a Barcelona  |b Santillana  |c 2008 
650 0 |a Novelas mexicanas  |9 317570 
583 |a last modification  |c 20170314 00:07:02  |k Rodrigo Vera 
999 |c 334914  |d 334912 
952 |0 0  |1 0  |4 0  |6 ME_863_000000000000000_FUE_2008  |7 0  |8 A  |9 424252  |a BIBEDU  |b BIBEDU  |d 2019-11-22  |i 4576195  |o Me863 FUE 2008  |p 4576195  |r 2019-11-22  |w 2019-11-22  |y BK  |k LIT 
952 |0 0  |1 0  |4 0  |6 ME_863_000000000000000_FUE_2008  |7 0  |8 A  |9 424253  |a BIBEDU  |b BIBEDU  |d 2019-11-22  |i 4576209  |o Me863 FUE 2008  |p 4576209  |r 2019-11-22  |w 2019-11-22  |y BK  |k LIT 
952 |0 0  |1 0  |4 0  |6 ME_863_000000000000000_FUE_2008  |7 0  |8 A  |9 424254  |a BIBEDU  |b BIBEDU  |d 2019-11-22  |i 4576217  |o Me863 FUE 2008  |p 4576217  |r 2019-11-22  |w 2019-11-22  |y BK  |k LIT 
952 |0 0  |1 0  |4 0  |6 ME_863_000000000000000_FUE_2008  |7 0  |8 A  |9 424255  |a BIBEDU  |b BIBEDU  |d 2019-11-22  |i 4583337  |o Me863 FUE 2008  |p 4583337  |r 2019-11-22  |w 2019-11-22  |y BK  |k LIT